000 00331nam a2200145Ia 4500
005 20251222154346.0
008 251222s9999||||xx |||||||||||||| ||spa||
020 _a8470650734
082 _a551/L63
100 _aLillo BevIá, José
245 0 _aGeología
250 _a1ra.ed.
264 _bEditorial Ecir, S.A.
942 _cLIB
999 _c34731
_d34731